| 000 | 01105nmm a2200385 a 4500 | ||
|---|---|---|---|
| 003 | AR-X00000XY | ||
| 005 | 20251128211907.0 | ||
| 008 | 017020s2002 ||||||||||||||000 | spa|| | ||
| 020 | _a958-644-083-4 | ||
| 040 | _cAR-X00000XY | ||
| 245 | 1 | 0 |
_a25 años de luchas sociales en Colombia _b1975-2000 |
| 246 | 1 | _aVeinticinco años de luchas sociales en Colombia | |
| 260 |
_aBogotá _bCinep _c2002 |
||
| 300 | 0 |
_a278 p. _bmapas, gráfs. |
|
| 500 | 0 | _aDonación de la Embajada de Colombia en Buenos Aires | |
| 504 | _aContiene referencias bibliográficas | ||
| 650 | 4 | _aLUCHAS SOCIALES | |
| 650 | 4 | _aCRISIS POLITICAS | |
| 650 | 4 | _aCRISIS SOCIAL | |
| 650 | 4 | _aPROTESTA SOCIAL | |
| 650 | 4 | _aABORIGENES | |
| 650 | 4 | _aCONFLICTO SOCIAL | |
| 650 | 4 | _aCONFLICTO POLITICO | |
| 650 | 4 | _aVIOLENCIA | |
| 650 | 4 | _aREPRESION | |
| 650 | 4 | _aSIGLO VEINTE | |
| 651 | 4 | _aColombia | |
| 653 | 0 | _aHISTORIA COLOMBIANA | |
| 700 | 1 | _aArchila N., Mauricio | |
| 700 | 1 | _aDelgado G., Alvaro | |
| 700 | 1 | _aGarcía V., Martha Cecilia | |
| 700 | 1 | _aPrada M., Esmeralda | |
| 942 | _cBK | ||
| 998 | _cNancy | ||
| 999 |
_c21514 _d21514 |
||